Растения-индикатори в нашите гори (Запис номер 453784)
[ съкратено ]
| 000 -Лидер | |
|---|---|
| Контролно поле с фиксирана дължина | nam a22 a 4500 |
| 003 - Код на организацията, давaща контролен номер | |
| Контролно поле | BLK |
| 005 - Дата и час на последна редакция | |
| Контролно поле | 20221208031214.0 |
| 008 - Елементи от данни с фиксирана дължина | |
| fixed length control field | 220420b bu |||||||||| 00| | bu d |
| 040 ## - Източник на каталожния запис | |
| Идентификатор на билиотеката - собственик на записа | BLK |
| 041 ## - Код за език | |
| Код за езика на текст/звукозапис или на отделно заглавие | Български |
| Код за езика КДБФ | Български |
| 080 ## - УДК | |
| Текстов определител УДК | Екология на растенията.Етология.Растение и окръжаваща среда.Биономия - Приспособяване,аклиматизация,миграция,инвазия,сукцесии,зоналност при разпространението,екологически формации(хидрофити,мезофити,к |
| УДК код - определител по УДК | 581.5 |
| УДК определител | (02) |
| УДК - код + определител | 581.5(02) |
| 100 ## - Редна дума - Автор | |
| R(LIN) | 414695 |
| Автор | Калинков, Венко Крумов |
| Авторска отговорност | първи автор |
| 139 ## - Редно поле | |
| Редна дума | Калинков, Венко Крумов |
| 245 ## - Сведения за заглавието | |
| Заглавие | Растения-индикатори в нашите гори |
| Подзаглавни данни | [Справочник] |
| Редно поле (дума) | Венко Калинков, Димитър Павлов |
| 260 ## - Област на издателските данни | |
| 9 (RLIN) | 209440 |
| Място на издаване, разпространение и проч. | София |
| Име на издателя, разпространителя и проч. | Земиздат |
| Година на издаване | 1982 |
| Печатница | (Хасково : Ат. Стратиев) |
| Издателство - префикс ISBN | 954-05- |
| 300 ## - Физическа характеристика | |
| Страници | 288 с. |
| Илюстрации и др. | с ил. |
| Размери/Мащаб | 20 см |
| 380 ## - Жанр | |
| Жанр | Естествени науки. Математика |
| 500 ## - Общи забележки | |
| Забележка | 1 100 тир<br/>Азб. показалец |
| 504 ## - Забележка за наличие на библиография и др | |
| Забележка за наличие на библиография и под. | Библиогр. с. 284-286<br/> |
| 650 #0 - Допълнително описание по предмет – тема | |
| 9 (RLIN) | 296962 |
| Основно описание – тема или топоним | Гори - екология |
| 653 #7 - Ключова дума – ненормативна | |
| 9 (RLIN) | 184240 |
| Ключова дума | гори |
| 653 #7 - Ключова дума – ненормативна | |
| 9 (RLIN) | 185988 |
| Ключова дума | екология |
| 653 #7 - Ключова дума – ненормативна | |
| 9 (RLIN) | 182340 |
| Ключова дума | ботаника |
| 700 ## - Други автори (авторска отговорност) | |
| Лично име | Павлов, Димитър Петков |
| Автороска отговорност (Описва отношението между автора и произведението) | съавт. |
| 9 (RLIN) | 1445 |
| 852 ## - Местоположение | |
| Форматна сигнатура | Цб 116966 |
| Фондова буква | Хранилище |
| 999 ## - СИСТЕМНИ КОНТРОЛНИ НОМЕРА | |
| Koha biblionumber | 453784 |
| Koha biblioitemnumber | 453784 |
| 942 ## - АРТИКУЛИ | |
| Вид на библиотечния материал | Книги |
| Скрит в OPAC | Не |
| Периодичен библиозапис | Да |
| 944 ## - СЪЗДАВАНЕ И РЕДАКЦИЯ на ЗАПИСА | |
| Създаване/Редакция | Създаване |
| Дата на регистрацията/редакция | 2022-04-20 |
| Служител, извършил регистрацията/редакцията | ВП |
| 999 ## - СИСТЕМНИ КОНТРОЛНИ НОМЕРА | |
| Koha biblioitemnumber | 453784 |
| Код за отписване | Код за изгубен артикул | Източник на класификационната схема | Код за повреда | Коз за рестрикции | Код за отдаване | Артикулен № | Име на библиотеката - собственик | Име на библиотеката, в която се намира в момента | Статус (Текущо местоположение) | Дата на вписване в системата | Местоположение - отдел | Цена в лева | Инвентарен номер | Систематично азбучна сигнатура | Баркод | Цена в евро | Служебен тип на артикула |
|---|---|---|---|---|---|---|---|---|---|---|---|---|---|---|---|---|---|
| Не е изгубен | Universal Decimal Classification | Не е повреден | само за читалня | ползва се в читалня | 882856 | Регионална библиотека "Любен Каравелов" Русе | Регионална библиотека "Любен Каравелов" Русе | Хранилище | 2022-04-29 | Хранилище | 2.51 | 361274 | Цб 116966 | 120000361274 | 1.28 | Книги |